| 000 | 006850000a22001930004500 | ||
|---|---|---|---|
| 020 | _a84-85504-09-7 | ||
| 041 | 0 | _aSPA | |
| 082 | 0 | 4 | _aG 270.7 P9578i |
| 100 | 1 | _aPrinsterer, Guillaume Groen | |
| 245 | 1 | 0 | _aIncredulidad y revolución : Historia de la revolución en su primera fase, la preparación (hasta 1789) / Guillaume Groen Van Prinsterer ; Humberto Casanova, Traductor |
| 260 | _a[S.L] : FELIRE (ver Fundación Editorial de Literatura Reformada) | ||
| 300 | _a52 Pag | ||
| 500 | _aTitulo original : Ongeloof en Revolutie | ||
| 001 | 8553 | ||
| 942 | _cBK | ||
| 999 |
_c38690 _d38690 |
||
| 336 |
_atexto _btxt _2rdacontent |
||
| 337 |
_2rdamedia _asin mediación _bn |
||
| 338 |
_2rdacarrier _avolumen _bnc |
||